1941 March Madness Teams - Statistics

General Stats
  • This quiz has been taken 8 times
  • The average score is 2 of 8
Answer Stats
Place in Tourney Team % Correct
Fourth Place-East North Carolina
60%
Fourth Place-West Wyoming
60%
Eliminated Arkansas
20%
Third Place-West Creighton
20%
Runner-Up Washington State
20%
Winner Wisconsin
20%
Third Place-East Dartmouth
0%
Eliminated Pittsburgh
0%
No matching quizzes found
Score Distribution
Percent of People with Each Score
Percentile by Number Answered
Your Score History
You have not taken this quiz